[Event "TCh-Serbia w"]
[Site "Zlatibor SCG"]
[Date "2006.08.27"]
[Round "2"]
[White "Eric,J"]
[Black "Bojovic,J"]
[Result "1-0"]
[WhiteElo "2019"]
[BlackElo "1957"]

1.e4 c5 2.Nf3 e6 3.d4 cxd4 4.Nxd4 a6 5.Nc3 Qc7 6.Be3 Nf6 7.f3 Bb4 8.Qd2 d5
9.Nde2 dxe4 10.O-O-O exf3 11.gxf3 Nc6 12.Rg1 Rg8 13.a3 Be7 14.Nf4 Ne5 15.Qf2 Bxa3
16.Na4 Be7 17.Nb6 Rb8 18.Nh3 Bd7 19.Rg5 Bd6 20.Rxd6 Qxd6 21.Bf4 h6 22.Bxe5 Qc6
23.Rg1 Nd5  1-0

[Event "TCh-Serbia w"]
[Site "Zlatibor SCG"]
[Date "2006.08.30"]
[Round "5"]
[White "Djingarova,E"]
[Black "Peptan,C"]
[Result "1/2-1/2"]
[WhiteElo "2300"]
[BlackElo "2425"]

1.e4 c5 2.Nf3 e6 3.Nc3 a6 4.d4 cxd4 5.Nxd4 b5 6.Bd3 Bb7 7.O-O Qc7 8.Qe2 Bc5
9.Nb3 Be7 10.f4 b4 11.Nd1 Nc6 12.Nf2 a5 13.Be3 Nf6 14.Ng4 a4 15.Nd2 Na5 16.Nxf6+ gxf6
17.c3 Nc6 18.cxb4 Nxb4 19.Rac1 Qb8 20.Bc4 a3 21.bxa3 Rxa3 22.f5 Ba6 23.fxe6 dxe6
24.Bxa6 Rxa6 25.Rc4 Rxa2 26.Rfc1 Ra8 27.Qh5 O-O 28.Bh6 Qb6+ 29.Kh1 Kh8 30.Qg4 Rg8
31.Rc8 Raxc8 32.Rxc8 Bd8 33.Qf3 Qd4 34.Rc4 Qb6 35.Be3 Qb7 36.Bd4 e5 37.Bc5 Nc6
38.h3 Qd7 39.Nb3 Qe6 40.Rc1 Ne7 41.Bxe7 Bxe7 42.Nc5 Qd6 43.Nd3 Qa3 44.Rc7 Rd8
45.Nf2 Qxf3 46.gxf3 Re8 47.Ng4 Kg7 48.Ne3 Bf8 49.Nf5+ Kg6 50.h4 Ra8 51.Kg2 Bb4
52.Rc2 h5 53.Kh3 Bf8 54.Rc7 Bb4 55.Rc2 Bf8 56.Rc7  1/2-1/2

[Event "Universities"]
[Site "Istanbul TUR"]
[Date "2006.08.31"]
[Round "2"]
[White "Kovchan,A"]
[Black "Samer,H"]
[Result "1-0"]
[WhiteElo "2498"]
[BlackElo "2157"]

1.e4 c5 2.Nf3 e6 3.d4 cxd4 4.Nxd4 a6 5.Nc3 Qc7 6.Bd3 Nc6 7.Nxc6 dxc6 8.O-O e5
9.f4 Bc5+ 10.Kh1 Nf6 11.Qf3 b5 12.a4 b4 13.Nd1 Ng4 14.f5 h5 15.Ne3 Nxe3 16.Bxe3 Bxe3
17.Qxe3 a5 18.Rad1 Bb7 19.Bc4 Qe7 20.Rd3 Ba6 21.Bxa6 Rxa6 22.Qg3 Kf8 23.Rfd1 Kg8
24.Rd7 Qc5 25.f6 Ra8  1-0

[Event "VIII Open"]
[Site "Sants ESP"]
[Date "2006.08.31"]
[Round "7"]
[White "Ayza Ballester,J"]
[Black "Almeida,O"]
[Result "0-1"]
[WhiteElo "2263"]
[BlackElo "2475"]

1.e4 c5 2.Nf3 e6 3.d4 cxd4 4.Nxd4 a6 5.Nc3 b5 6.a3 Bb7 7.Bd3 Bc5 8.Nb3 Be7
9.O-O d6 10.f4 Nd7 11.Kh1 Ngf6 12.Qf3 Qc7 13.Bd2 Nc5 14.Qg3 Ncxe4 15.Nxe4 Nxe4
16.Bxe4 Bxe4 17.Ba5 Qa7 18.f5 e5 19.Qxg7 Bf6 20.Qg4 h5 21.Qe2 O-O 22.Rf2 h4
23.Nd2 Bc6 24.Nf3 Bxf3  0-1

[Event "Adolfo Pedrido Mem"]
[Site "Vilagarcia de Arousa ESP"]
[Date "2006.08.31"]
[Round "7"]
[White "Espineira Gonzalez,D"]
[Black "Perez Fungueiro,M"]
[Result "1-0"]
[WhiteElo "2337"]
[BlackElo "2194"]

1.e4 c5 2.Nf3 e6 3.d4 cxd4 4.Nxd4 a6 5.Nc3 Qc7 6.Bd3 Nf6 7.O-O Bc5 8.Nb3 Be7
9.f4 d6 10.Be3 Nbd7 11.Qf3 b5 12.a3 Bb7 13.Qg3 g6 14.Rae1 O-O 15.Nd4 Kh8
16.Qh3 e5 17.Nf3 exf4 18.Bxf4 Ne5 19.Bh6 Bc8 20.Qh4 Nxf3+ 21.Rxf3 Ng4 22.Qh3 Ne5
23.Qg3 Nxf3+ 24.Qxf3 Be6 25.Nd5 Bxd5 26.exd5 Qa7+ 27.Kh1 Rg8 28.Be3 Qc7 29.Bd4+  1-0

[Event "TCh-Serbia w"]
[Site "Zlatibor SCG"]
[Date "2006.09.01"]
[Round "7"]
[White "Djingarova,E"]
[Black "Muzychuk,A"]
[Result "1/2-1/2"]
[WhiteElo "2300"]
[BlackElo "2456"]

1.e4 c5 2.Nf3 e6 3.Nc3 a6 4.d4 cxd4 5.Nxd4 b5 6.Bd3 Bb7 7.O-O d6 8.Qe2 Nf6
9.a4 b4 10.Na2 Be7 11.Bd2 a5 12.c3 bxc3 13.Nxc3 O-O 14.Ncb5 Nbd7 15.Nb3 Ne5
16.Bc2 d5 17.Bc3 Ng6 18.e5 Ne4 19.Bd4 f6 20.exf6 Bxf6 21.f3 Nf4 22.Qe1 Bxd4+
23.N3xd4 e5 24.Ne2 Qb6+ 25.Kh1 Rac8 26.Bb1 Qe3 27.Nec3 Qxe1 28.Rxe1 Nf2+
29.Kg1 N2d3 30.Bxd3 Nxd3 31.Re3 Nxb2 32.Rxe5 Nc4 33.Re7 Rf7 34.Rae1 Kf8 35.R7e6 g6
36.Nd4  1/2-1/2

[Event "II Magistral"]
[Site "Guarapari BRA"]
[Date "2006.09.03"]
[Round "7"]
[White "Lima,Da"]
[Black "Diamant,A"]
[Result "1/2-1/2"]
[WhiteElo "2482"]
[BlackElo "2306"]

1.e4 c5 2.Nf3 e6 3.d4 cxd4 4.Nxd4 a6 5.Nc3 Nc6 6.Be3 Nf6 7.Bd3 Qc7 8.O-O Nxd4
9.Bxd4 Bc5 10.Bxc5 Qxc5 11.Kh1 O-O 12.f4 d6 13.Qf3 Bd7 14.Rae1 Bc6 15.Qh3 e5
16.fxe5 Qxe5 17.Nd5 Bxd5 18.exd5 Qh5 19.Qxh5 Nxh5 20.Re7 Nf6 21.Rxb7 Rfb8
22.Bxa6 Rxb7 23.Bxb7 Rxa2 24.Rb1 Ne4 25.Kg1 Nd2 26.Re1 g6 27.b4 Rxc2 28.b5 Rb2
29.Bc6 Nc4 30.Re7 f5 31.Bd7 Ne5 32.h3 f4 33.Be6+ Kh8 34.Rb7 Nc4 35.Bg4 h5  1/2-1/2

[Event "5th Kesarovski - Georgiev Mem"]
[Site "Sunny Beach BUL"]
[Date "2006.09.04"]
[Round "3"]
[White "Manolov,I"]
[Black "Persson,M2"]
[Result "1-0"]
[WhiteElo "2257"]
[BlackElo "2083"]

1.e4 c5 2.Nf3 e6 3.d4 cxd4 4.Nxd4 a6 5.Nc3 Qc7 6.g3 b5 7.Bg2 b4 8.Na4 Bb7
9.O-O Nc6 10.c3 Nf6 11.Bg5 bxc3 12.Nxc3 Nxd4 13.Qxd4 Bc5 14.Qd2 Bc6 15.Rac1 Ng4
16.Nd5 Bxf2+ 17.Qxf2  1-0

[Event "FSGM September"]
[Site "Budapest HUN"]
[Date "2006.09.05"]
[Round "4"]
[White "Wittmann,W"]
[Black "Fogarasi,T"]
[Result "1/2-1/2"]
[WhiteElo "2361"]
[BlackElo "2435"]

1.e4 c5 2.Nf3 e6 3.d4 cxd4 4.Nxd4 a6 5.Nc3 Qc7 6.Bd3 Bd6 7.Be3 Nf6 8.h3 Nc6
9.O-O b5 10.Re1 O-O 11.Nxc6 dxc6 12.Bg5 Nd7 13.Qh5 e5 14.Re3 f6 15.Bh4 Nc5
16.Ne2 Be6 17.c3 Nxd3 18.Rxd3 Bc5 19.b3 Rad8 20.Rad1 Rxd3 21.Rxd3 Rd8 22.Nc1 a5
23.Rxd8+ Qxd8 24.Nd3 Be7 25.Qe2 a4 26.Qc2 axb3 27.axb3 Kf8 28.Nb4 Qd7 29.f3 c5
30.Na2 Qa7 31.Bf2 Qa3 32.Nc1 h5 33.g4 hxg4 34.hxg4 Kf7 35.Kg2 g6 36.c4 bxc4
37.bxc4 Qb4 38.Nd3 Qxc4 39.Qxc4 Bxc4 40.Nxc5  1/2-1/2

[Event "ch-EU"]
[Site "Liverpool ENG"]
[Date "2006.09.06"]
[Round "1"]
[White "Legge,A"]
[Black "Jackson,O"]
[Result "0-1"]
[WhiteElo "1717"]
[BlackElo "2225"]

1.e4 c5 2.Nf3 e6 3.d4 cxd4 4.Nxd4 a6 5.Nc3 Qc7 6.Bd3 Nc6 7.Be3 Nf6 8.O-O b5
9.Nb3 Ne5 10.h3 Bb7 11.Qe2 Be7 12.Rad1 d6 13.f4 Ned7 14.a3 O-O 15.Kh2 Rfe8
16.Bc1 e5 17.fxe5 dxe5 18.Qf3 Nf8 19.Ne2 Ne6 20.c3 Rf8 21.Ng3 g6 22.Bb1 Ne8
23.Qg4 N8g7 24.Bh6 Rad8 25.Rde1 Bc8 26.Nf5 Bf6 27.Nxg7 Bxg7 28.Bxg7 Kxg7
29.Qh4 f6 30.Rf2 Nf4 31.Qg3 g5 32.Nc1 Kh8 33.Nd3 Rg8 34.Nxf4 gxf4 35.Qh4 Rg6
36.Ba2 Qg7 37.Qh5 Rf8 38.Qe2 Rg3 39.Rf3 Qh6 40.Rxg3 fxg3+ 41.Kg1 Rd8 42.Bd5 f5
43.b3 f4 44.Rd1 Rf8 45.Rd3 f3 46.gxf3 Bxh3 47.Qe3 Rf4 48.Rd2 Qf8 49.Rd3 Qxa3  0-1

[Event "ch-EU"]
[Site "Liverpool ENG"]
[Date "2006.09.06"]
[Round "1"]
[White "Short,N"]
[Black "Karttunen,M"]
[Result "1-0"]
[WhiteElo "2676"]
[BlackElo "2422"]

1.e4 c5 2.Nc3 e6 3.Nf3 a6 4.d4 cxd4 5.Nxd4 Qc7 6.Bd3 Nf6 7.Qe2 Nc6 8.Nxc6 Qxc6
9.Bd2 d6 10.f4 Be7 11.O-O-O e5 12.f5 h5 13.Kb1 Bd7 14.Bg5 b5 15.Bxf6 Bxf6
16.Nd5 Rc8 17.c3 Qb7 18.Bc2 Bd8 19.Rhf1 Bc6 20.Rf3 Rh6 21.Rh3 h4 22.Qg4 Kf8
23.Bb3 Bxd5 24.Bxd5 Qc7 25.a3 Bf6 26.Rhd3 Rb8 27.b4 Qa7 28.Bb3 Be7 29.Qe2 Kg8
30.Qa2 Bf8 31.g4 hxg3 32.hxg3 Qe7 33.g4 Rb7 34.Bd5 Rc7 35.Qd2 g5 36.Qg2 Qf6
37.Rh1 Be7 38.Rxh6 Qxh6 39.Rh3 Qg7 40.Qg1 Qf8 41.Qh2 Bf6 42.Rh6  1-0

[Event "World Blitz"]
[Site "Rishon Le Zion ISR"]
[Date "2006.09.07"]
[Round "13"]
[White "Livshits,G"]
[Black "Svidler,P"]
[Result "0-1"]
[WhiteElo "2406"]
[BlackElo "2742"]

1.e4 c5 2.Nc3 e6 3.Nf3 a6 4.d4 cxd4 5.Nxd4 Qc7 6.g3 Bb4 7.Ne2 Nf6 8.Bg2 Be7
9.O-O Nc6 10.h3 b5 11.a4 Rb8 12.axb5 axb5 13.Qd3 Ne5 14.Qe3 O-O 15.g4 b4
16.Na4 d5 17.exd5 Nxd5 18.Qb3 Ba6 19.Re1 Rfc8 20.Nf4 Nxf4 21.Bxf4 Bd6 22.Bxe5 Bxe5
23.Nc5 Qxc5 24.Rxa6 Bd4 25.Re2 Qb5 26.Qd3 Qxd3 27.cxd3 Rc1+ 28.Bf1 b3 29.Kg2 Rb1
30.f4 g6 31.f5 Rxb2 32.Rxb2 Bxb2 33.d4 Bxd4 34.fxe6 fxe6  0-1

[Event "I Open"]
[Site "Vitoria BRA"]
[Date "2006.09.07"]
[Round "2"]
[White "Rodi,L"]
[Black "Ferreira,Jos"]
[Result "1-0"]
[WhiteElo "2236"]
[BlackElo "2029"]

1.e4 c5 2.Nc3 e6 3.Nf3 a6 4.d4 cxd4 5.Nxd4 b5 6.Bd3 d6 7.O-O Bb7 8.Qe2 Nd7
9.f4 Ngf6 10.f5 e5 11.Nb3 Be7 12.Bd2 Qc7 13.Rae1 Rc8 14.Qf3 Nb6 15.Qg3 Rg8
16.Kh1 Nc4 17.Bc1 Ba8 18.Nd2 Nb6 19.Nf3 h6 20.Qh3 Nbd7 21.Nd2 Nc5 22.Qf3 Bc6
23.Nb3 Ncd7 24.Bd2 Bb7 25.Nd1 Bd8 26.Ne3 Qb8 27.Bb4 Nb6 28.Ng4 Nbd7 29.Rd1 Nxg4
30.Qxg4 Nf6 31.Qe2 Be7 32.Be1 Qa8 33.Nd2 Bc6 34.Bg3 Qb7 35.Rfe1 Bd8 36.c4 Ba5
37.cxb5 axb5 38.Bh4 Nd7 39.a4 Bxd2 40.Rxd2 Rb8 41.axb5 Bxb5 42.Bxb5 Qxb5
43.Rxd6 Qxb2 44.Qc4 Qb5 45.Re6+ Kf8 46.Be7+ Ke8 47.Bd6+ Kd8  1-0

[Event "ch-EU"]
[Site "Liverpool ENG"]
[Date "2006.09.09"]
[Round "4"]
[White "Van der Weide,K"]
[Black "Jackson,O"]
[Result "1/2-1/2"]
[WhiteElo "2446"]
[BlackElo "2225"]

1.e4 c5 2.Nf3 e6 3.d4 cxd4 4.Nxd4 a6 5.Nc3 Qc7 6.Bd3 Nc6 7.Be3 Nf6 8.Qe2 Bb4
9.O-O Bxc3 10.bxc3 d6 11.f4 Bd7 12.Rae1 O-O 13.Kh1 Rac8 14.Bd2 d5 15.e5 Ne4
16.Rf3 f5 17.exf6 Rxf6 18.Bxe4 dxe4 19.Qxe4 Nxd4 20.Qxd4 Bc6 21.Rg3 Qf7 22.c4 Rg6
23.Bc3 Rxg3 24.hxg3 Qg6 25.Re5 h6 26.Kh2 Re8 27.Qd3 Qf7 28.Qe2 b5 29.Rc5 Qd7
30.Be5 Rc8 31.Qg4 Bb7 32.Bxg7 Rxc5 33.Bd4+ Kh7 34.Bxc5 Qc6 35.Qf3 Qxf3 36.gxf3 Bxf3
37.cxb5 axb5 38.Kg1 Kg6 39.Kf2 Bd5  1/2-1/2

[Event "EU-chG18"]
[Site "Herceg Novi MNE"]
[Date "2006.09.10"]
[Round "1"]
[White "Hrenic,M"]
[Black "Yildiz,B"]
[Result "0-1"]
[WhiteElo "1984"]
[BlackElo "2212"]

1.e4 c5 2.Nf3 e6 3.d4 cxd4 4.Nxd4 a6 5.Nc3 Qc7 6.Be2 Nc6 7.O-O Nf6 8.Kh1 Nxd4
9.Qxd4 Bc5 10.Qd3 b5 11.Bg5 Bb7 12.f4 d6 13.a3 Nd7 14.f5 Ne5 15.Qh3 exf5
16.exf5 Qd7 17.Rad1 O-O 18.Qg3 f6 19.Bxf6 Rxf6 20.Qxe5 Qf7 21.Qf4 d5 22.Bg4 Rc8
23.Rfe1 Bd6 24.Qf3 Rc4 25.Bh3 Rf4 26.Qe3 Rh4 27.Qe8+ Qxe8 28.Rxe8+ Kf7 29.Re6 d4
30.Rxf6+ Kxf6 31.Kg1 Bc5 32.Na2 d3+ 33.Kf1 dxc2 34.Rd7 Be4 35.Rc7 Bd4 36.Nb4 Rf4+
37.Ke1 Rf2 38.Rc8 a5  0-1

[Event "ch-AUT"]
[Site "Koeflach AUT"]
[Date "2006.09.10"]
[Round "9"]
[White "Zsifkovits,R"]
[Black "Stanec,N"]
[Result "0-1"]
[WhiteElo "2158"]
[BlackElo "2517"]

1.e4 c5 2.Nf3 e6 3.d4 cxd4 4.Nxd4 a6 5.Nc3 d6 6.Be2 Nf6 7.a4 Qc7 8.O-O b6
9.f4 Bb7 10.Bf3 Nbd7 11.Kh1 Be7 12.Qe2 h5 13.Be3 g6 14.Bg1 h4 15.Rae1 Rc8
16.e5 dxe5 17.fxe5 Nh5 18.Bxh5 Rxh5 19.h3 Rh7 20.Bh2 Qc4 21.Qg4 Bb4 22.Rf2 Bxc3
23.bxc3 Qd5 24.Nf3 Rc4 25.Qg5 Rh5 26.Qc1 Rf5 27.Rd2 Qc5 28.Nd4 Rh5 29.Nb3 Qc6
30.Nd4 Qxa4 31.Qd1 Rxc3 32.Nxe6 fxe6 33.Rxd7 Qxd7  0-1

[Event "ch-EU"]
[Site "Liverpool ENG"]
[Date "2006.09.10"]
[Round "5"]
[White "Hanley,C"]
[Black "Sarakauskiene,Z"]
[Result "1-0"]
[WhiteElo "2419"]
[BlackElo "2158"]

1.e4 c5 2.Nf3 e6 3.Nc3 a6 4.d4 cxd4 5.Nxd4 Qc7 6.Be2 Nf6 7.O-O Be7 8.Be3 b5
9.Bf3 Bb7 10.e5 Ng8 11.Bxb7 Qxb7 12.Qg4 g6 13.Rfe1 Nc6 14.Qf3 Nd8 15.Ne4 Kf8
16.Rad1 Rc8 17.Nb3 Rc7 18.Nbc5 Qc8 19.b4 Nc6 20.Nd6 Nxe5 21.Qe4 Bxd6 22.Rxd6 Nc4
23.Rxa6 Nf6 24.Bh6+ Ke7 25.Qd4 d6 26.Bg5 e5 27.Rxd6 Nxd6 28.Bxf6+  1-0

[Event "3rd LGA Premium Cup"]
[Site "Nuernberg GER"]
[Date "2006.09.10"]
[Round "7"]
[White "Baramidze,D"]
[Black "Espig,L"]
[Result "1-0"]
[WhiteElo "2591"]
[BlackElo "2359"]

1.e4 c5 2.Nf3 e6 3.d4 cxd4 4.Nxd4 a6 5.Nc3 Qc7 6.Be3 Nc6 7.Be2 Nf6 8.a3 Be7
9.f4 d6 10.g4 h6 11.h4 Nxd4 12.Qxd4 e5 13.Qd3 exf4 14.Bxf4 Bxg4 15.Bxg4 Nxg4
16.Nd5 Qc6 17.O-O-O Rd8 18.Qg3 h5 19.Rd3 Bf6 20.Nxf6+ gxf6 21.Rxd6 Rxd6 22.Bxd6 f5
23.Bb4 f4 24.Qxf4 Qh6 25.Rf1 Qxf4+ 26.Rxf4 f6 27.Bc3 Ke7 28.Rf5 Ke6 29.Bd4 Rh7
30.c3 Kf7 31.Kc2 Kg6 32.c4 Re7 33.Kd3 Re6 34.Rd5 Re7 35.b4  1-0

[Event "TCh-ESP Honor Gp1"]
[Site "Olite ESP"]
[Date "2006.09.10"]
[Round "5"]
[White "Martin Perez,J"]
[Black "Felgaer,R"]
[Result "0-1"]
[WhiteElo "2280"]
[BlackElo "2581"]

1.e4 c5 2.Nf3 e6 3.d4 cxd4 4.Nxd4 a6 5.Nc3 b5 6.Bd3 Qb6 7.Be3 Bc5 8.Be2 Nc6
9.Nxc6 Qxc6 10.Bf3 Bxe3 11.fxe3 e5 12.O-O Nf6 13.Rf2 Qc5 14.Qe1 Bb7 15.a3 O-O
16.Rd1 a5 17.Be2 b4 18.Rxf6 bxc3 19.b4 axb4 20.axb4 Qxe3+ 21.Qf2 Qxf2+ 22.Rxf2 Bxe4
23.Bc4 Rac8 24.Bb3 Bc6 25.Rd3 Rb8 26.Rxc3 Rxb4 27.Re3 e4 28.Rf5 g6 29.Re5 Kg7
30.Rc5 f5 31.Re1 Rd4 32.g3 Rd2 33.Ra5 f4  0-1

[Event "Mitropa Cup Men"]
[Site "Brno CZE"]
[Date "2006.09.12"]
[Round "6"]
[White "Brener,I"]
[Black "Kanovsky,D"]
[Result "1/2-1/2"]
[WhiteElo "2327"]
[BlackElo "2368"]

1.e4 c5 2.Nf3 e6 3.d4 cxd4 4.Nxd4 a6 5.Nc3 Qc7 6.g3 Bb4 7.Ne2 Nf6 8.Bg2 Be7
9.O-O d6 10.h3 O-O 11.f4 Nc6 12.g4 d5 13.e5 Nd7 14.Kh1 b5 15.Ng3 Bb7 16.Nce2 d4
17.Nxd4 Nxd4 18.Qxd4 Bxg2+ 19.Kxg2 Qxc2+ 20.Rf2 Qc6+ 21.Qe4 Rac8 22.Be3 Qxe4+
23.Nxe4 Rc4 24.Kf3 f6 25.b3 Rc7 26.exf6 Nxf6 27.Nxf6+ Bxf6 28.Rd1 Rc3 29.Ke4 a5
30.Rfd2 a4 31.Rd3 Rc2 32.R1d2 Rfc8 33.g5 Bb2 34.Rxc2 Rxc2 35.Rd8+ Kf7 36.Rb8 a3
37.Rb7+ Kg6 38.Rb6 Kf7 39.Rxb5 Ba1 40.Ra5 Rxa2 41.Bc5 Bb2 42.Ra7+ Kg6 43.Ra6 Kf7
44.Ra7+ Kg6 45.Ra6 Kf7 46.Ra7+  1/2-1/2

[Event "5th Open"]
[Site "Izmir TUR"]
[Date "2006.09.13"]
[Round "4"]
[White "Shanava,K"]
[Black "Ushenina,A"]
[Result "0-1"]
[WhiteElo "2490"]
[BlackElo "2410"]

1.e4 c5 2.Nf3 e6 3.d4 cxd4 4.Nxd4 a6 5.Nc3 b5 6.Bd3 Qb6 7.Nb3 Qc7 8.f4 Bb7
9.Qe2 d6 10.O-O Nd7 11.a3 Ngf6 12.Bd2 Be7 13.Rae1 h5 14.Qf3 Nc5 15.Qg3 h4
16.Qh3 Nfd7 17.Nd4 Bf6 18.Nf3 Na4 19.e5 dxe5 20.Ne4 Nac5 21.fxe5 Bxe4 22.exf6 Nxf6
23.Bc3 Bxd3 24.cxd3 Nxd3 25.Bxf6 gxf6 26.Rxe6+ fxe6 27.Qxe6+ Qe7 28.Qc6+ Kf7
29.Qd5+ Kg7 30.Qxd3 Rad8 31.Qf5 Qd7 32.Qf4 h3 33.Qg3+ Kf8 34.Ne5 Qd4+ 35.Kh1 hxg2+
36.Kxg2 Qe4+ 37.Kg1 Rg8 38.Rxf6+ Ke7 39.Rg6 Rd1+ 40.Kf2 Rd2+ 41.Kg1 Qb1+  0-1

[Event "ch-EU"]
[Site "Liverpool ENG"]
[Date "2006.09.13"]
[Round "8"]
[White "Van der Weide,K"]
[Black "Meijers,V"]
[Result "1-0"]
[WhiteElo "2446"]
[BlackElo "2474"]

1.e4 c5 2.Nf3 e6 3.d4 cxd4 4.Nxd4 a6 5.Nc3 b5 6.Bd3 d6 7.O-O Nf6 8.Re1 Be7
9.a4 b4 10.Na2 e5 11.Nb3 Nc6 12.Bd2 Qb6 13.a5 Qb7 14.Bc4 Be6 15.Bxe6 fxe6
16.Rc1 d5 17.exd5 exd5 18.Bg5 Rd8  1-0

[Event "ProMoPro Open"]
[Site "Prague CZE"]
[Date "2006.09.13"]
[Round "5"]
[White "Stross,F"]
[Black "Vokoun,J"]
[Result "1-0"]
[WhiteElo "2256"]
[BlackElo "2217"]

1.e4 c5 2.Nc3 e6 3.Nf3 a6 4.d4 cxd4 5.Nxd4 Qc7 6.Bd3 Bd6 7.Qg4 Be5 8.Be3 Nf6
9.Qh4 Nc6 10.Nde2 h5 11.h3 Bd6 12.f4 Be7 13.Qf2 b5 14.e5 Ng8 15.Ne4 Nb4 16.O-O Bb7
17.a3 Nxd3 18.cxd3 Nh6 19.Rac1 Qb8 20.Bc5 Nf5 21.Bxe7 Bxe4 22.Bc5 Bxd3 23.Rfd1 Be4
24.Ng3 Qb7 25.Nxf5 Bxf5 26.Qh4 d5 27.Bd6 Qb6+ 28.Kh2 Qd8 29.Qg3 g5 30.Rc7 h4
31.Qc3  1-0

[Event "TCh-ESP Honor Gp2"]
[Site "San Sebastian ESP"]
[Date "2006.09.13"]
[Round "1"]
[White "Valmana Canto,J"]
[Black "Zhang Pengxiang"]
[Result "0-1"]
[WhiteElo "2284"]
[BlackElo "2622"]

1.e4 c5 2.Nf3 e6 3.d4 cxd4 4.Nxd4 a6 5.Nc3 b5 6.Bd3 d6 7.O-O Nf6 8.a4 b4
9.Na2 e5 10.Nb3 Nc6 11.c3 bxc3 12.Nxc3 Be6 13.Bg5 Be7 14.Nd2 O-O 15.Bxf6 Bxf6
16.Bc4 Bg5 17.Bd5 Rc8 18.Nc4 Nb4 19.Qb3 Bxd5 20.Nxd5 Nxd5 21.exd5 Rc5 22.Qd3 Qc7
23.b3 Rb8 24.Rab1 h6 25.g3 Rb4 26.Rfd1 Qb8 27.h4 Be7 28.Ne3 Qc8 29.Nc4 h5
30.Qd2 Qb7 31.Qd3 g6 32.Kh2 a5 33.f3 Qd7 34.Kg2 Bd8 35.Rdc1 Rc8 36.Nd2 Rd4
37.Qe2 Rxd5 38.Ne4 Rd4 39.Rxc8 Qxc8 40.Rd1 d5 41.Rxd4 exd4 42.Nf2 Bc7 43.Qd3 Qb8
44.Nh1 Qb6 45.Nf2 Kf8 46.Nh3 Qc5 47.Nf2 Qb6 48.Nh3 Ke7 49.Nf2 Qd6 50.f4 Qb6
51.Nh3 Qc5 52.Nf2 Bb6 53.Qe2+ Kf8 54.Qd3 Qe7 55.Qb5 Qe6 56.Qa6 Ke7 57.Qb5 Kd8
58.Nd3 Qe4+ 59.Kh2 Qe2+ 60.Kg1 Kc7 61.Kh1 f6 62.Qa6 Qd1+ 63.Kg2 Qxb3 64.Nf2 Qc4
65.Qa8 d3  0-1

[Event "ch-EU"]
[Site "Liverpool ENG"]
[Date "2006.09.14"]
[Round "9"]
[White "Haslinger,S"]
[Black "Miezis,N"]
[Result "1/2-1/2"]
[WhiteElo "2423"]
[BlackElo "2527"]

1.e4 c5 2.Nf3 e6 3.d4 cxd4 4.Nxd4 a6 5.Nc3 Qc7 6.Bd3 Nc6 7.Be3 Nf6 8.O-O b5
9.Nxc6 dxc6 10.a4 Rb8 11.f4 e5 12.h3 Bd6 13.f5 Qe7 14.Kh1 Bc5 15.Qf3 Bb7
16.Ne2 O-O 17.Bg5 Qc7 18.Bxf6 gxf6 19.Ng3 Kh8 20.Nh5 Be7 21.Qe3 Rg8 22.Rfd1 c5
23.axb5 c4 24.Be2 axb5 25.Bf3 Qc6 26.Rd5 Qe8 27.Rd2 Rg5 28.h4 Rg8 29.Qh6 Qf8
30.Qxf8 Rgxf8 31.Rd7 Bc5 32.Nxf6 Bc6 33.Rc7 Rbc8 34.Rxc8 Rxc8 35.Ng4 Bd4
36.c3 h5 37.Nf6 Bf2 38.Rd1 Bxh4 39.Nxh5 Rd8 40.Rxd8+ Bxd8 41.Ng3 Bg5 42.Ne2 Be3
43.g3 Kg7 44.Kg2 Kf6 45.Kf1 Bd2 46.Kf2 Ke7 47.Kf1 Kd6 48.g4 Kc5 49.Ng3 Bc1
50.Ke1 Bxb2 51.g5 Bxc3+ 52.Kd1 Be8 53.Bh5 b4 54.g6 fxg6 55.fxg6 Bd7 56.g7 Be6
57.Bg6 b3 58.Bh7  1/2-1/2

[Event "ch-EU"]
[Site "Liverpool ENG"]
[Date "2006.09.14"]
[Round "9"]
[White "Hanley,C"]
[Black "Bischoff,K"]
[Result "1/2-1/2"]
[WhiteElo "2419"]
[BlackElo "2533"]

1.e4 c5 2.Nf3 e6 3.d4 cxd4 4.Nxd4 a6 5.Nc3 Qc7 6.Be2 Nf6 7.O-O Be7 8.Be3 d6
9.a4 Nc6 10.f4 O-O 11.Bf3 Nd7 12.Qe1 Re8 13.Qg3 Bf8 14.Rae1 Rb8 15.Kh1 g6
16.e5 Bg7 17.exd6 Qxd6 18.Ne4 Qc7 19.Nxc6 bxc6 20.b3 c5 21.Rd1 Rd8 22.Nxc5 Nxc5
23.Rxd8+ Qxd8 24.Bxc5 Qc7 25.Qf2 Bb7 26.Bxb7 Qxb7 27.Rd1 Rc8 28.h3 Qe4 29.Rd3 h5
30.b4 a5 31.b5 Qxa4 32.b6 Qc6 33.Bd6 a4 34.Bc7 Bf8 35.Qd4 a3 36.Qd7 Qa8 37.Kh2 a2
38.Be5 Rb8 39.Bxb8 a1=Q 40.Be5 Q1a6 41.Qc7 Q6b7 42.Rd2 h4 43.c4 Qe4 44.Qd8 Qxd8
45.Rxd8 Qe3 46.b7 Qg3+ 47.Kg1 Qe1+  1/2-1/2

[Event "5th Open"]
[Site "Izmir TUR"]
[Date "2006.09.15"]
[Round "6"]
[White "Vonthron,H"]
[Black "Atalik,S"]
[Result "1/2-1/2"]
[WhiteElo "2310"]
[BlackElo "2619"]

1.e4 c5 2.Nf3 e6 3.d4 cxd4 4.Nxd4 a6 5.Nc3 Nc6 6.Nxc6 bxc6 7.e5 Qc7 8.Bf4 f5
9.g4 g5 10.Bxg5 Qxe5+ 11.Qe2 Qg7 12.Bf4 fxg4 13.Be5 Nf6 14.Ne4 Be7 15.Rg1 h5
16.h3 d5 17.hxg4 hxg4 18.Rxg4 Qh6 19.Nxf6+ Bxf6 20.Bxf6 Qxf6 21.O-O-O Rb8
22.c4 Rf8 23.Rd2 Kd8 24.Bg2 Bd7 25.Rg3 Rb4 26.Rf3 Qh6 27.Rxf8+ Qxf8 28.cxd5 exd5
29.Qxa6 Qf4 30.Qa8+ Kc7 31.Qa7+ Kd6 32.Qe3 Rc4+ 33.Rc2 Rxc2+ 34.Kxc2 Qc4+
35.Kd2 Qxa2 36.Qg3+ Ke7 37.Qe5+ Kd8 38.Qb8+ Ke7 39.Qe5+ Kd8 40.Qb8+ Ke7  1/2-1/2

[Event "ch-EU"]
[Site "Liverpool ENG"]
[Date "2006.09.15"]
[Round "10"]
[White "Haslinger,S"]
[Black "McNab,C"]
[Result "1/2-1/2"]
[WhiteElo "2423"]
[BlackElo "2433"]

1.e4 c5 2.Nf3 e6 3.Nc3 a6 4.d4 cxd4 5.Nxd4 b5 6.Bd3 Qb6 7.Nf3 Nc6 8.O-O Qb8
9.e5 Nge7 10.Re1 Bb7 11.h4 Ng6 12.Be4 d6 13.exd6 Bxd6 14.Ng5 Bh2+ 15.Kh1 Bf4
16.Nxf7 Kxf7 17.Qd7+ Nge7 18.Bxc6 Bc8 19.Bxf4 Bxd7 20.Bxb8 Bxc6 21.Be5 Rhd8
22.Rad1 Rxd1 23.Rxd1 b4 24.Ne2 Nf5 25.h5 g6 26.hxg6+ hxg6 27.c4 bxc3 28.Bxc3 g5
29.Kg1 Bd5 30.Nc1 Rc8 31.Nd3 Ke7 32.Ne5 Kd6 33.Ng4 Kc5 34.Nf6 Bxa2 35.Ne4+ Kc6
36.Nxg5 Rg8 37.Nh3 Nh4 38.Nf4 Nf3+ 39.Kh1 e5 40.Nh3 Nh4 41.Bxe5 Nxg2 42.Rd6+ Kc5
43.Bg3 Rxg3 44.Rxa6 Rxh3+ 45.Kxg2 Bc4 46.Ra5+ Kb4 47.Kxh3 Kxa5  1/2-1/2

[Event "ProMoPro Open"]
[Site "Prague CZE"]
[Date "2006.09.15"]
[Round "7"]
[White "Pirklova,H"]
[Black "Vokoun,J"]
[Result "1/2-1/2"]
[WhiteElo "2132"]
[BlackElo "2217"]

1.e4 c5 2.Nf3 e6 3.d4 cxd4 4.Nxd4 a6 5.Nc3 Qc7 6.Bd3 Nf6 7.O-O b5 8.Qe2 b4
9.Nd1 Bb7 10.c4 Nc6 11.Nxc6 Qxc6 12.f3 Bc5+ 13.Kh1 d6 14.Nf2 O-O 15.Bc2 a5
16.Nd3 Bd4 17.Nf4 Nd7 18.Rd1 Be5 19.Rb1 Nc5 20.Nd3 Nxd3  1/2-1/2

[Event "EU-chG16"]
[Site "Herceg Novi MNE"]
[Date "2006.09.16"]
[Round "6"]
[White "Topic,J"]
[Black "Ni,V"]
[Result "0-1"]
[WhiteElo "1872"]
[BlackElo "2041"]

1.e4 c5 2.Nf3 e6 3.d4 cxd4 4.Nxd4 a6 5.Nc3 Qc7 6.Bd3 Bc5 7.Nb3 Be7 8.O-O Nf6
9.f4 d6 10.Qf3 Nbd7 11.Be3 b6 12.Nd4 Bb7 13.Rae1 g6 14.a4 h5 15.Qe2 Ng4 16.h3 Nxe3
17.Qxe3 e5 18.Nd5 Qc5 19.Nb3 Qxe3+ 20.Rxe3 Bxd5 21.exd5 f5 22.fxe5 dxe5 23.g4 hxg4
24.hxg4 Rg8 25.Bc4 Bd6 26.Nd4 Bc5 27.c3 O-O-O 28.Bxa6+ Kb8 29.Nc6+ Kc7 30.Nxd8 Kxd8
31.Kh1 Bxe3 32.gxf5 gxf5 33.Rxf5 Bf4 34.b4 Ke7 35.Bb5 Rh8+ 36.Kg1 Nf6 37.Bc4 Ne4
38.Kg2 Nd6 39.Rxf4 exf4  0-1

[Event "EU-chG18"]
[Site "Herceg Novi MNE"]
[Date "2006.09.17"]
[Round "7"]
[White "Yilmaz,Ez"]
[Black "Paganoglou,A"]
[Result "1-0"]
[WhiteElo "1877"]
[BlackElo "1935"]

1.e4 c5 2.Nf3 e6 3.d4 cxd4 4.Nxd4 a6 5.Nc3 Nc6 6.g3 Qc7 7.Bg2 Nf6 8.O-O h5
9.Bg5 Ng4 10.h3 Nge5 11.Bf4 h4 12.Nxc6 bxc6 13.gxh4 Rxh4 14.Bg3 Rh6 15.Qd4 f6
16.Na4 Qa5 17.b3 Rxh3 18.Bxe5 fxe5 19.Qb6 Qxb6 20.Nxb6 Rc3 21.Nxa8 Bc5 22.Nc7+ Kd8
23.Nxe6+ dxe6 24.Rad1+ Ke7 25.Rd2 a5 26.a4 Bd4 27.Rfd1 c5 28.Bf1 Kf6 29.Kg2 Bd7
30.Bd3 Be8 31.Rh1 Kf7 32.Rh8 Ke7 33.Re2 Kf7 34.f3 Ke7 35.Kg3 c4 36.Bxc4 Bxa4
37.Ra8 Bb6 38.Ra6 Bc7 39.Rxe6+ Kd8 40.Rd2+  1-0

[Event "5th Open"]
[Site "Izmir TUR"]
[Date "2006.09.17"]
[Round "8"]
[White "Vonthron,H"]
[Black "Valansi,A"]
[Result "1/2-1/2"]
[WhiteElo "2310"]
[BlackElo "2123"]

1.e4 c5 2.Nf3 e6 3.d4 cxd4 4.Nxd4 a6 5.Nc3 b5 6.Be2 Bb7 7.Bf3 Qc7 8.O-O b4
9.Na4 Nc6 10.Be3 Ne5 11.c3 bxc3 12.Rc1 Nf6 13.Rxc3 Qa5 14.Qb3 Rb8 15.Rfc1 Bd6
16.Nc5 Nxf3+ 17.gxf3 Bxe4 18.fxe4 Rxb3 19.Ndxb3 Qb5 20.Nd4 Qxb2 21.Nd3 Qxa2
22.Rc8+ Ke7 23.Rxh8 Nxe4 24.Rxh7 g5 25.h4 g4 26.Rg7 g3 27.Rg4 gxf2+ 28.Nxf2 Nxf2
29.Bxf2 Be5 30.Nf3 Bf6 31.Rf1 a5 32.Ng5 Qe2 33.Rg2 Qh5 34.Ne4 Be5 35.Rg5 Qh8
36.Bc5+ d6 37.Bf2 Bd4 38.Rg2 Bxf2+ 39.Rfxf2 f5 40.Ng3 Qxh4 41.Rxf5 Qd4+ 42.Rff2 d5
43.Ne2 Qc5 44.Kh2 a4 45.Nf4 Qd4 46.Rf3 e5 47.Rg7+ Kd6 48.Rg6+ Ke7 49.Rg7+ Kd6
50.Rg6+ Ke7 51.Rg7+  1/2-1/2

[Event "EU-chB18"]
[Site "Herceg Novi MNE"]
[Date "2006.09.18"]
[Round "8"]
[White "Nakhapetiane,P"]
[Black "Figura,A"]
[Result "1/2-1/2"]
[WhiteElo "2418"]
[BlackElo "2353"]

1.e4 c5 2.Nf3 e6 3.d4 cxd4 4.Nxd4 a6 5.Nc3 Qc7 6.Bd3 Nc6 7.Nxc6 dxc6 8.O-O e5
9.f4 Nf6 10.Kh1 Bd6 11.f5 b5 12.Qf3 h6 13.Be3 Bb7 14.a4 Be7 15.h3 Rd8 16.Qf2 Nd7
17.axb5 axb5 18.Qg3 Kf8 19.Nb1 Kg8 20.Nd2 Kh7 21.Qf2 Ra8 22.c4 bxc4 23.Bxc4 Rxa1
24.Rxa1 Rf8 25.Rc1 c5 26.Qe2 Nf6 27.Bf2 Qc6 28.Bb5 Qc8 29.b4 Qa8 30.bxc5 Nxe4
31.Nxe4 Bxe4 32.c6 Qa3 33.Qe3 Qxe3 34.Bxe3 Bxf5 35.Bc5 Bxc5 36.Rxc5 f6 37.Bc4 Re8
38.Rb5 Rc8 39.Bd5 h5 40.Kh2 Kg6 41.Rb4 Rd8 42.Bf3 Rc8  1/2-1/2